000 00691nam a2200241Ia 4500
003 OSt
005 20221006155835.0
006 a|||||r|||| 00| 0
007 ta
008 221006b |||||||| |||| 00| 0 eng d
024 _a43,652
037 _cSeries Articles
040 _aEASL
_cEASL
_beng
041 _2eng
_aeng
100 _aHurley sibhan-lambert
_9670576
245 0 _aHeart of a gopi
_b Raihana tyabji's bhakti devotionalism as self-representation
260 _aCambridge
_bCambridge University Press UK
_c2014
300 _a569-596
_ccm.
490 _v48
650 _aAsian Studies
942 _cREF
_2CC
999 _c1111738
_d1111738